[Event "Niedersachsen-ch op A"]
[Site "Verden"]
[Date "2018.01.06"]
[Round "5"]
[White "Sinnhoefer, Jonas"]
[Black "Rossberg, Jonathan"]
[Result "1-0"]
[WhiteElo "1888"]
[BlackElo "1798"]
[PlyCount "61"]
[EventDate "2018.01.04"]
[EventType "swiss"]
[EventRounds "7"]
[EventCountry "GER"]
[SourceTitle "EXT 2022"]
[Source "ChessBase"]
[SourceDate "2021.10.06"]
[SourceVersion "1"]
[SourceVersionDate "2021.10.06"]
[SourceQuality "1"]

1. e4 c5 2. c4 Nc6 3. Nf3 e6 4. Nc3 Nf6 5. Be2 d5 6. cxd5 exd5 7. exd5 Nxd5 8. 0-0 Be6 9. b3 Be7 10. Bb2 0-0 11. Re1 a6 12. Ne4 Bf5 13. Bf1 Nf6 14. d3 Re8 15. Nxf6+ Bxf6 16. Rxe8+ Qxe8 17. Bxf6 gxf6 18. Qc2 b6 19. Qe2 Qd7 20. Qb2 Kg7 21. h3 Qd5 22. Re1 Rd8 23. Re3 Nb4 24. Ne1 Qc6 25. Rg3+ Kh8 26. Rf3 Qe6 27. g4 Rg8 28. Ng2 Bxg4 29. Rxf6 Nxd3 30. Bxd3 Qe1+ 31. Nxe1 1-0

[Event "Niedersachsen-ch op A"]
[Site "Verden"]
[Date "2018.01.04"]
[Round "1"]
[White "Sinnhoefer, Jonas"]
[Black "Helmer, Christoph"]
[Result "0-1"]
[WhiteElo "1888"]
[BlackElo "2119"]
[PlyCount "100"]
[EventDate "2018.01.04"]
[EventType "swiss"]
[EventRounds "7"]
[EventCountry "GER"]
[SourceTitle "EXT 2022"]
[Source "ChessBase"]
[SourceDate "2021.10.06"]
[SourceVersion "1"]
[SourceVersionDate "2021.10.06"]
[SourceQuality "1"]

1. e4 c5 2. c4 d6 3. Ne2 Nf6 4. Nbc3 e6 5. d4 cxd4 6. Nxd4 a6 7. Be2 Qc7 8. 0-0 Nbd7 9. Be3 b6 10. Rc1 Bb7 11. f3 Rc8 12. Qd2 Qb8 13. Rfd1 Be7 14. b3 0-0 15. Bf2 Bd8 16. Bg3 Nh5 17. Bf2 Bc7 18. f4 Nhf6 19. Bf3 Rfd8 20. g3 Qa8 21. Qe2 g6 22. Rd3 Nc5 23. Re3 e5 24. Nc2 b5 25. fxe5 dxe5 26. Nd5 Bxd5 27. exd5 e4 28. Bg2 Nd3 29. Rxd3 exd3 30. Qxd3 bxc4 31. bxc4 Bd6 32. Nd4 Ng4 33. Nb3 Nxf2 34. Kxf2 a5 35. Kf1 a4 36. Nd2 Qa6 37. Ne4 Be5 38. Ke2 h6 39. Nf2 Re8 40. Kf1 Qf6 41. Qf3 Qg5 42. Qd1 Bd4 43. Nh3 Qe3 44. Bf3 Rb8 45. Rc2 Rb1 46. Qxb1 Qxf3+ 47. Rf2 Bxf2 48. Nxf2 Re2 49. Qb6 Rxa2 50. Qd4 Rc2 0-1

[Event "GER-ch U25-A"]
[Site "Willingen"]
[Date "2016.05.15"]
[Round "2"]
[White "Gallasch, Robin"]
[Black "Sinnhoefer, Jonas"]
[Result "1/2-1/2"]
[WhiteElo "1604"]
[BlackElo "1785"]
[PlyCount "167"]
[EventDate "2016.05.15"]
[EventType "swiss"]
[EventRounds "9"]
[EventCountry "GER"]
[SourceTitle "CBM 172 Extra"]
[Source "ChessBase"]
[SourceDate "2016.06.21"]
[SourceVersion "1"]
[SourceVersionDate "2016.06.21"]
[SourceQuality "1"]

1. d4 Nf6 2. Nf3 g6 3. c4 d5 4. cxd5 Bg7 5. Nc3 Nxd5 6. e4 Nxc3 7. bxc3 0-0 8. Be2 c5 9. 0-0 Nc6 10. Be3 Bg4 11. d5 Bxf3 12. gxf3 Nb8 13. Bxc5 Bxc3 14. Rc1 Be5 15. Qd2 Nd7 16. Be3 Bg7 17. f4 Nb6 18. Bxb6 Qxb6 19. e5 Rfd8 20. Rb1 Qc5 21. Rb5 Qc7 22. Rc1 Qd7 23. Rcb1 b6 24. d6 exd6 25. Rd5 Qf5 26. Rd1 Bh6 27. Rd4 d5 28. Bf3 Rac8 29. Bxd5 Re8 30. Qd3 Qg4+ 31. Qg3 Qf5 32. Bb3 Re7 33. Ba4 Rf8 34. Bd7 Rxd7 35. Rxd7 Bxf4 36. Qg2 Bxe5 37. Rxa7 Rc8 38. Rad7 Rc2 39. R7d2 Rxd2 40. Rxd2 Qb1+ 41. Qf1 Bxh2+ 42. Kg2 Qe4+ 43. f3 Qh4 44. Qf2 Qxf2+ 45. Kxf2 Kg7 46. Rc2 Bd6 47. Kg2 Kf8 48. a4 Bb4 49. Rc4 Ba5 50. Kg3 Bd2 51. f4 h6 52. Rd4 Be3 53. Rd3 Bc5 54. f5 Ke7 55. Rd5 Bd6+ 56. Kg4 Kd7 57. fxg6 fxg6 58. Rb5 Ke6 59. Kh4 Be7+ 60. Kg4 Bf6 61. Kh3 h5 62. Kg3 Bd8 63. Kh3 Kd6 64. Rb1 Ke5 65. Re1+ Kf5 66. Rf1+ Ke4 67. Re1+ Kf4 68. Rf1+ Kg5 69. Rd1 Be7 70. Rd5+ Kf4 71. Rd7 Bc5 72. Rc7 Be3 73. Rc8 Bc5 74. Rc7 Be3 75. Rc8 Kf3 76. Rf8+ Ke2 77. Ra8 g5 78. a5 g4+ 79. Kh4 bxa5 80. Rxa5 Kf3 81. Ra8 g3 82. Rg8 Bf2 83. Rxg3+ Kf4 84. Kxh5 1/2-1/2

[Event "Bremen-ch op"]
[Site "Bremen"]
[Date "2016.03.24"]
[Round "7"]
[White "Sausmikat, Armin"]
[Black "Sinnhoefer, Jonas"]
[Result "0-1"]
[WhiteElo "1879"]
[BlackElo "1690"]
[PlyCount "108"]
[EventDate "2016.03.19"]
[EventType "swiss"]
[EventRounds "9"]
[EventCountry "GER"]
[SourceTitle "EXT 2018"]
[Source "ChessBase"]
[SourceDate "2017.10.13"]
[SourceVersion "1"]
[SourceVersionDate "2017.10.13"]
[SourceQuality "1"]

1. e4 d5 2. exd5 Qxd5 3. Nc3 Qa5 4. d4 Nf6 5. Nf3 Nc6 6. d5 Nb4 7. Bc4 Bg4 8. Bb3 0-0-0 9. Bd2 Qa6 10. h3 Bh5 11. g4 Bg6 12. Bg5 Nbxd5 13. Nxd5 Nxd5 14. Bxd5 Qa5+ 15. b4 Qxd5 16. Qxd5 Rxd5 17. c4 Rd8 18. 0-0 f6 19. Be3 e5 20. c5 Be4 21. Nd2 Bd5 22. Rfc1 g5 23. Kf1 h5 24. Ke2 Bg2 25. Rg1 Bc6 26. a4 hxg4 27. hxg4 Bd5 28. b5 c6 29. bxc6 bxc6 30. Rab1 Kc7 31. a5 Be6 32. Rb4 Bc8 33. Ne4 Be7 34. f3 Rh6 35. Rgb1 Ba6+ 36. Kf2 Rh2+ 37. Kg3 Re2 38. Bf2 Ra2 39. Be1 Rh8 40. R4b2 Rxb2 41. Rxb2 Bf1 42. Rh2 Rxh2 43. Kxh2 Bd3 44. Bb4 Bxe4 45. fxe4 Kb7 46. Kg2 Ka6 47. Kf3 Kb5 48. Be1 Bxc5 49. Ke2 Bb4 50. Bf2 c5 51. Kd3 Bxa5 52. Kc2 Kc4 53. Be3 Bb4 54. Bf2 a5 0-1

[Event "Niedersachsen-ch op-B"]
[Site "Verden"]
[Date "2016.01.05"]
[Round "5"]
[White "Sinnhoefer, Jonas"]
[Black "Schmugge, Jens"]
[Result "1-0"]
[WhiteElo "1741"]
[BlackElo "1627"]
[PlyCount "115"]
[EventDate "2016.01.03"]
[EventType "swiss"]
[EventRounds "7"]
[EventCountry "GER"]
[SourceTitle "EXT 2018"]
[Source "ChessBase"]
[SourceDate "2017.10.13"]
[SourceVersion "1"]
[SourceVersionDate "2017.10.13"]
[SourceQuality "1"]

1. e4 e6 2. d4 d5 3. Nd2 dxe4 4. Nxe4 Nd7 5. Nf3 Ngf6 6. Bg5 Be7 7. Bd3 0-0 8. 0-0 b6 9. Nxf6+ Nxf6 10. Qe2 Bb7 11. c3 c5 12. dxc5 Bxc5 13. Rad1 Qe7 14. Rd2 h6 15. Bh4 Rad8 16. Rfd1 Rd5 17. b4 Bd6 18. a3 Bf4 19. Bh7+ Kxh7 20. Rxd5 Bxd5 21. Rxd5 Kh8 22. Rd4 g5 23. Bg3 Bxg3 24. hxg3 Rc8 25. Qd2 b5 26. Nxg5 Kg7 27. Nf3 Nd5 28. Re4 f5 29. Re5 Qd6 30. Qd4 Kh7 31. Qh4 Nxc3 32. Rxe6 Qd1+ 33. Re1 Qb3 34. Qe7+ Kg8 35. Qxa7 Ne4 36. Qd7 Qc2 37. Qe6+ Kg7 38. Qe5+ Kg8 39. Qd5+ Kg7 40. Qd4+ Kf8 41. Qh8+ Kf7 42. Qh7+ Ke8 43. Qg8+ Kd7 44. Qf7+ Kd6 45. Rf1 Rc3 46. Nd4 Qd3 47. Nxf5+ Kc6 48. Qg6+ Nd6 49. g4 Kc7 50. Qh7+ Kb6 51. Qxh6 Rc6 52. Qf8 Nb7 53. g5 Rg6 54. Ne7 Re6 55. g6 Rxe7 56. Qxe7 Qxg6 57. Re1 Qd3 58. Qe3+ 1-0

[Event "Niedersachsen-ch op-B"]
[Site "Verden"]
[Date "2016.01.03"]
[Round "2"]
[White "Rossberg, Jonathan"]
[Black "Sinnhoefer, Jonas"]
[Result "1-0"]
[WhiteElo "1746"]
[BlackElo "1741"]
[PlyCount "120"]
[EventDate "2016.01.03"]
[EventType "swiss"]
[EventRounds "7"]
[EventCountry "GER"]
[SourceTitle "EXT 2018"]
[Source "ChessBase"]
[SourceDate "2017.10.13"]
[SourceVersion "1"]
[SourceVersionDate "2017.10.13"]
[SourceQuality "1"]

1. d4 d5 2. c4 c6 3. Nf3 Nf6 4. Nc3 dxc4 5. a4 Bd7 6. e3 b5 7. axb5 cxb5 8. Ne5 e6 9. Qf3 b4 10. Qxa8 bxc3 11. bxc3 Nd5 12. Nxd7 Nxd7 13. Qxd8+ Kxd8 14. Rxa7 N7b6 15. Ba3 Nxc3 16. Bxc4 Nxc4 17. Ra8+ Kc7 18. Rxf8 Rxf8 19. Bxf8 g6 20. Bb4 Nd5 21. Ke2 Kd7 22. Bc5 f5 23. g3 Nd6 24. Bxd6 Kxd6 25. Ra1 Kd7 26. Ra7+ Nc7 27. Kd3 Kc6 28. f3 Kb6 29. Ra1 Kc6 30. e4 Kd6 31. Rb1 Kd7 32. g4 fxg4 33. fxg4 Kc8 34. h4 h6 35. Rf1 Ne8 36. d5 Kd7 37. Kd4 Ke7 38. Ra1 exd5 39. Ra7+ Kd6 40. exd5 Nf6 41. Ra6+ Ke7 42. Rxf6 Kxf6 43. Kc5 Ke7 44. Kc6 Kd8 45. Kd6 g5 46. h5 Ke8 47. Kc7 Ke7 48. d6+ Ke6 49. d7 Ke5 50. d8Q Kf4 51. Qd4+ Kg3 52. Qd6+ Kxg4 53. Qxh6 Kh4 54. Qg6 g4 55. h6 g3 56. h7 Kh3 57. Qxg3+ Kxg3 58. h8Q Kf4 59. Qf6+ Kg4 60. Kd6 Kh5 1-0

[Event "Niedersachsen-ch op-B"]
[Site "Verden"]
[Date "2015.01.03"]
[Round "4"]
[White "Sinnhoefer, Jonas"]
[Black "Nordhorn, Horst"]
[Result "0-1"]
[WhiteElo "1428"]
[BlackElo "1787"]
[PlyCount "38"]
[EventDate "2015.01.02"]
[EventType "swiss"]
[EventRounds "7"]
[EventCountry "GER"]
[SourceTitle "EXT 2018"]
[Source "ChessBase"]
[SourceDate "2017.10.13"]
[SourceVersion "1"]
[SourceVersionDate "2017.10.13"]
[SourceQuality "1"]

1. e4 e5 2. Nf3 f5 3. d3 d6 4. Nc3 Nf6 5. Be2 Be7 6. b3 Nc6 7. Bb2 fxe4 8. dxe4 Be6 9. Ng5 Bg8 10. Nf3 Qd7 11. Bd3 Bf7 12. Ne2 Qg4 13. Ng3 Nh5 14. Nxh5 Bxh5 15. Rg1 0-0 16. h3 Qf4 17. Bc1 Bxf3 18. gxf3 Qxf3 19. Bh6 Qxf2# 0-1